| 000 | 00579nam a22001577a 4500 | ||
|---|---|---|---|
| 003 | OSt | ||
| 005 | 20150928183824.0 | ||
| 008 | 150928b xxu||||| |||| 00| 0 eng d | ||
| 040 | _cRUA | ||
| 082 | _aAGR AN 2003 B059 Or.1 | ||
| 100 |
_91531 _aAN KIMHENG |
||
| 245 | _aEvaluation on multipurpose farm in tramkok district, takeo, (ការសិក្សាវាយតំម្លៃទៅលើសិដ្ឋានប្រយោជន៍ នៅស្រុកត្រំាកក់) | ||
| 260 |
_aphnom penh _bRUA _c2003 |
||
| 300 |
_a38p. _bill. _c29cm. |
||
| 942 |
_2ddc _cAGR |
||
| 999 |
_c1440 _d1440 |
||